Hóa học = Journal of Chemistry

محفوظ في:
التفاصيل البيبلوغرافية
التنسيق: كتاب
اللغة:Undetermined
منشور في: Hà Nội Viện Hàn lâm Khoa học và Công nghệ Việt Nam 2018
الموضوعات:
الوسوم: إضافة وسم
لا توجد وسوم, كن أول من يضع وسما على هذه التسجيلة!
Thư viện lưu trữ: Trung tâm Học liệu Trường Đại học Cần Thơ
LEADER 00587nam a2200193Ia 4500
001 CTU_235097
008 210402s9999 xx 000 0 und d
020 |c 0 
082 |a 540 
082 |b H401 
245 0 |a Hóa học = 
245 0 |b Journal of Chemistry 
245 0 |c Viện Hàn lâm Khoa học và Công nghệ Việt Nam 
260 |a Hà Nội 
260 |b Viện Hàn lâm Khoa học và Công nghệ Việt Nam 
260 |c 2018 
650 |a Chemistry,Hóa học 
904 |i T.Trang 
980 |a Trung tâm Học liệu Trường Đại học Cần Thơ